00748nam a2200193 a 450000100100000000500170001000800410002702000150006804000250008308200150010810000280012324500970015126000490024830000200029750000340031750400730035195201130042499900170053700003648520200930075745.0120118s2006 sp 000 0 spa d a8427032226 aDO-SdBNPbspacBNPHU axxxxbxxxx1 aFriedman, Thomas96271613aLa tierra es plana :bbreve historia del mundo globalizado del siglo XXI /cThomas Friedman. aMadrid, :bEdiciones Martínez Roca,c2006. a495 p. ;c24 p. aIncluye índice onomástico aIncluye referencias bibliográficas y notas al pie de las páginas 001050718MOaGRbGRcHDd2012-01-18iLF1l0oxxxx xxxxp36486-10r2020-06-25w2020-06-25y1ZNo se presta c35976d35976